000 00605nam a2200193Ia 4500
008 120924t2007 xxu||||| |||| 00| 0 sin d
041 _asin
080 _a8-3 (Youth)
_bBLY
100 _aBlyton,Enid
245 _aස්නිකර්ට වලිග දෙකක්
246 _aSnikarta Waliga Dekak
260 _aMalpiyali Publishers
_aDankotuwa
_c2007
300 _b106p, ill, 17 cm
500 _aSinhalese Translation of E.Blyton's of Snicker - The Brownie and other Stories
700 _aSiriwardhane,Kumara
_etr.
942 _cBK
999 _c43492
_d43492
003 LK-CoDNM
040 _aLK-CoDNM
_dLK-CoDNM
_eLK-CoDNM